IFM Opac

E-business and e-commerce management (Record no. 11537)

MARC details
000 -LEADER
fixed length control field 00435nam a2200169Ia 4500
008 - FIXED-LENGTH DATA ELEMENTS--GENERAL INFORMATION
fixed length control field 150509s9999 xx 000 0 und d
020 ## - INTERNATIONAL STANDARD BOOK NUMBER
International Standard Book Number 273707523
082 ## - DEWEY DECIMAL CLASSIFICATION NUMBER
Classification number 658.8 72 CHA
100 ## - MAIN ENTRY--PERSONAL NAME
Personal name CHAFFEY, Dave
245 ## - TITLE STATEMENT
Title E-business and e-commerce management
260 ## - PUBLICATION, DISTRIBUTION, ETC.
Place of publication, distribution, etc. London:
260 ## - PUBLICATION, DISTRIBUTION, ETC.
Name of publisher, distributor, etc. Prentice Hall
260 ## - PUBLICATION, DISTRIBUTION, ETC.
Date of publication, distribution, etc. 2007
300 ## - PHYSICAL DESCRIPTION
Extent xxviii, 663 p. : ill. ; 27 cm
500 ## - GENERAL NOTE
General note Includes index
650 ## - SUBJECT ADDED ENTRY--TOPICAL TERM
Topical term or geographic name entry element Busness Management

No items available.